Inteligencia emocional aplicada a las dificultades de aprendizaje. Experiencias positivas de intervención educativa y superación.

Gardado en:
Detalles Bibliográficos
Autor Principal: Caruña Vaño, Agustín (autor)
Formato: Libro
Idioma:Lingua castelá
Temas:
Acceso en liña:Ver documento en línea
Etiquetas: Engadir etiqueta
Sen Etiquetas, Sexa o primeiro en etiquetar este rexistro!

MARC

LEADER 00000nam^a2200000^u^4500
001 000532058
005 20260413000000.0
008 141203s10001000^^^^cr^^r^^^^^000^0^spa^d
009 20260413155023.994
022 |a 8788448258699 
035 |a FCE 000076306 
037 |a Acervo ITESO - Biblioteca 
041 |a spa 
095 |a 911 
100 |a Caruña Vaño, Agustín  |e (autor) 
245 1 0 |a Inteligencia emocional aplicada a las dificultades de aprendizaje.  |b Experiencias positivas de intervención educativa y superación. 
264 |a España:  |b Generitat Valencia,  |c 2013. 
300 |a 486 p. 
336 |a texto  |b txt  |2 rdacontenido 
337 |a sin mediación  |b n  |2 rdamedio 
338 |a volumen  |b nc  |2 rdasoporte 
649 |a XX 
650 |a Inteligencia emocional 
650 |a Experiencias 
650 |a Dificultades de aprendizaje 
650 |a España 
856 4 0 |u https://orientacion.educa.aragon.es/inteligencia%20emocional%20aplicada%20a%20las%20dificultades%20de%20aprendizaje%20(CEFIRE%20de%20Elda)(1).pdf  |y Ver documento en línea 
910 |a Fondo Centro de Estudios Educativos 
920 |a Impresos - Libros 
930 |a Fondos Especiales 
905 |a 133 
902 |a https://opac.biblio.iteso.mx/vufind/Record/000532058